LDR 00931naa#a2200253#i#450# 001 EN\INFRA-M\bibl\103604 005 20260515231324.5 011 ## _a2712-9640 100 ## _a20250922b2025####ek#y0engy0150####ca 102 ## _aRU 200 1# _aMonitoring of space weather effects with Sozvezdie-270 nanosatellite constellation of Moscow University _eJournal article 210 1# _aMoscow _cINFRA-M Academic Publishing LLC. _d2025 215 ## _a11 с. 608 ## _aJournal article _2local 675 ## _aАктивное Солнце. Солнечная активность. 523.98 _z 700 #1 _aBogomolov _gAndrey Vladimirovich 700 #1 _aBogomolov _gVitaliy Vladimirovich 700 #1 _aIyudin _gAnatoliy Fedorovich 700 #1 _aKalegaev _gVladimir Vladimirovich 700 #1 _aMyagkova _gIrina Nikolaevna 700 #1 _aOsedlo _gVladislav Ilyich 700 #1 _aSvertilov _gSergey Igorevich 700 #1 _aYashin _gIvan Vasilyevich 856 4# _anaukaru.ru _u